Education : Intellectual, moral, and physical

The growing demand for the original edition of these chapters on Education has suggested to me the propriety of issuing an edition that shall come within easy reach of a larger public: what knowledge is of most worth, intellectual education, moral education, physical education.

Đã lưu trong:
书目详细资料
主要作者: Spencer, Herbert
格式: 图书
语言:Undetermined
出版: London Watts & CO. 1903
主题:
标签: 添加标签
没有标签, 成为第一个标记此记录!
Thư viện lưu trữ: Trung tâm Học liệu Trường Đại học Cần Thơ
LEADER 00800nam a2200205Ia 4500
001 CTU_218512
008 210402s9999 xx 000 0 und d
082 |a 370.1 
082 |b S745 
100 |a Spencer, Herbert 
245 0 |a Education : 
245 0 |b Intellectual, moral, and physical 
245 0 |c Herbert Spencer 
260 |a London 
260 |b Watts & CO. 
260 |c 1903 
520 |a The growing demand for the original edition of these chapters on Education has suggested to me the propriety of issuing an edition that shall come within easy reach of a larger public: what knowledge is of most worth, intellectual education, moral education, physical education. 
650 |a Education,Giáo dục 
904 |i Trúc 
980 |a Trung tâm Học liệu Trường Đại học Cần Thơ